Loading...

UROOBINTE STHREETHWADARSANAM

Bibliographic Details
Main Author: JYOTHILAKSHMI
Format: Printed Book
Published: TRICHUR KERALA SAHITHAYA AKADEMI 2008
LEADER 00456nam a2200169 4500
020
082 |a 894.8123U JYO 
100 |a JYOTHILAKSHMI 
245 |a UROOBINTE STHREETHWADARSANAM  |h Malayalam 
250
260 |a TRICHUR  |b KERALA SAHITHAYA AKADEMI  |c 2008 
300
650
700
942 |c BK 
999 |c 156860  |d 156860 
952 |0 0  |1 0  |4 0  |6 894_000000000000000_8123U_JYO  |7 0  |9 170317  |a ORI  |b ORI  |l 0  |o 894.8123U JYO  |p ORI5735  |r 2019-10-25  |w 2019-10-25  |y BK